| 000 -LEADER |
| fixed length control field |
01496nam a2200325Ia 4500 |
| 001 - CONTROL NUMBER |
| control field |
21311 |
| 003 - CONTROL NUMBER IDENTIFIER |
| control field |
GE_BSU |
| 005 - DATE AND TIME OF LATEST TRANSACTION |
| control field |
20210911181304.0 |
| 008 - FIXED-LENGTH DATA ELEMENTS--GENERAL INFORMATION |
| fixed length control field |
181216s2016||||ru |||||||||||||| ||rus|| |
| 020 ## - INTERNATIONAL STANDARD BOOK NUMBER |
| International Standard Book Number |
9785160126418 |
| 040 ## - CATALOGING SOURCE |
| Transcribing agency |
GE_BSU |
| 041 ## - LANGUAGE CODE |
| Language code of text/sound track or separate title |
rus |
| 080 ## - UNIVERSAL DECIMAL CLASSIFICATION NUMBER |
| Universal Decimal Classification number |
339(075.4) A-90 |
| 245 ## - TITLE STATEMENT |
| Title |
АСЕАН-Движущая сила интеграции в Азии : |
| Remainder of title |
Монография / |
| Statement of responsibility, etc. |
И. И. Шувалов, Т. Я. Хабриева, А. Я. Капустин и др. ; Ответств. ред. Хабриева Т. Я. |
| 264 ## - PRODUCTION, PUBLICATION, DISTRIBUTION, MANUFACTURE, AND COPYRIGHT NOTICE |
| Place of production, publication, distribution, manufacture |
Москва : |
| Name of producer, publisher, distributor, manufacturer |
Инфра-М, |
| Date of production, publication, distribution, manufacture, or copyright notice |
2016. |
| 300 ## - PHYSICAL DESCRIPTION |
| Extent |
250 стр. ; |
| Dimensions |
22 см. |
| 653 ## - INDEX TERM--UNCONTROLLED |
| keyword |
АСЕАН-Движущая сила интеграции в Азии |
| 653 ## - INDEX TERM--UNCONTROLLED |
| keyword |
Монография |
| 653 ## - INDEX TERM--UNCONTROLLED |
| keyword |
Торговля |
| 653 ## - INDEX TERM--UNCONTROLLED |
| keyword |
Международные экономические отношения |
| 653 ## - INDEX TERM--UNCONTROLLED |
| keyword |
ვაჭრობა |
| 653 ## - INDEX TERM--UNCONTROLLED |
| keyword |
საერთაშორისო ეკონომიკური ურთიერთობანი |
| 700 ## - ADDED ENTRY--PERSONAL NAME |
| Personal name |
Шувалов, И. И. |
| Titles and other words associated with a name |
Автор |
| 9 (RLIN) |
12459 |
| 700 ## - ADDED ENTRY--PERSONAL NAME |
| Personal name |
Хабриева, Т. Я. |
| Titles and other words associated with a name |
Автор |
| 9 (RLIN) |
12460 |
| 700 ## - ADDED ENTRY--PERSONAL NAME |
| Personal name |
Капустин, А. Я. |
| Titles and other words associated with a name |
Автор |
| 9 (RLIN) |
12461 |
| 700 ## - ADDED ENTRY--PERSONAL NAME |
| Personal name |
Хабриева Т. Я. |
| Titles and other words associated with a name |
Ответств. редактор |
| 9 (RLIN) |
12462 |
| 710 ## - ADDED ENTRY--CORPORATE NAME |
| Corporate name or jurisdiction name as entry element |
Инст-т законодательства и сравнительного правоведения при правит-е РФ |
| 9 (RLIN) |
12463 |
| 942 ## - ADDED ENTRY ELEMENTS (KOHA) |
| Koha item type |
წიგნი |
| Source of classification or shelving scheme |
|